Click the Chuck Berry Song Title Ending - Statistics

General Stats
  • This quiz has been taken 18 times
  • The average score is 18 of 25
Answer Stats
Hint Answer % Correct
My Ding A Ling
100%
Reelin’ and Rockin’
100%
You Never Can Tell
100%
Roll Over Beethoven
92%
School Days
92%
No Particular Place to Go
92%
Johnny B. Goode
92%
Memphis Tennessee
92%
Back in the U.S.A
92%
Merry Christmas Baby
85%
Too Much Monkey Business
85%
Promised Land
85%
Rock and Roll Music
77%
Come On
77%
Brown Eyed Handsome Man
69%
Let It
Rock
69%
Sweet Little Sixteen
69%
Almost Grown
62%
Little Queenie
54%
Oh Baby Doll
46%
Havana Moon
46%
Anthony Boy
38%
Wee Wee Hours
31%
Beautiful Delilah
23%
I Want To Be Your Driver
15%
No matching quizzes found
Score Distribution
Percent of People with Each Score
Percentile by Number Answered
Your Score History
You have not taken this quiz